[Event "AUTO-INT-1587"]
[Site "http://www.queenalice.com/game.php?id=718789"]
[Date "2010.1.23"]
[Round "1"]
[White "oneuniversalgod"]
[Black "candycorn"]
[Result "1-0"]
[WhiteElo "1421"]
[BlackElo "1307"]

1. e4 e5 2. Nf3 Nc6 3. Nc3 Bc5 4. Bb5 a6 5. Bxc6 bxc6 6. Nxe5 d6 7. Nd3 Bd4 8.
O-O Qg5 9. g3 Nf6 10. Qf3 Bg4 11. Qg2 h5 12. e5 dxe5 13. Qxc6+ Ke7 14. Qxc7+ Nd7
15. Nd5+ Ke6 16. Qc6+ 1-0

[Event "AUTO-INT-1587"]
[Site "http://www.queenalice.com/game.php?id=718802"]
[Date "2010.1.23"]
[Round "1"]
[White "oneuniversalgod"]
[Black "sandromm"]
[Result "0-1"]
[WhiteElo "1429"]
[BlackElo "1749"]

1. e4 e5 2. Nf3 Nc6 3. Nc3 Nf6 4. Bb5 a6 5. Bxc6 bxc6 6. Nxe5 Qe7 7. d4 Bb7 8.
Bf4 d6 9. Nd3 O-O-O 10. Qe2 h6 11. e5 Nd5 12. exd6 cxd6 13. Qxe7 Bxe7 14. Nxd5
cxd5 15. O-O Bf6 16. c3 g5 17. Bg3 Rde8 18. Bxd6 Re6 19. Bb4 Rhe8 20. Nc5 Re2
21. Nxb7 Kxb7 22. b3 Be7 23. Bxe7 R8xe7 24. c4 dxc4 25. bxc4 Rc2 26. Rfc1 Rxc1+
27. Rxc1 Kc6 28. g3 Re2 29. Ra1 f5 30. Kg2 h5 31. h3 a5 32. h4 gxh4 33. gxh4 Re4
34. Rd1 Rxh4 35. d5+ Kd6 36. c5+ Kxc5 37. d6 Rg4+ 38. Kh2 Rg8 39. d7 Rd8 40. Kg3
Kc6 41. Kf4 h4 42. Kxf5 h3 43. Kg4 h2 44. Kg3 h1=Q 45. Rxh1 Rxd7 46. Rh5 a4 47.
f4 Rd2 48. f5 Rxa2 49. f6 Kd6 50. f7 Ke7 51. Rf5 Kf8 52. Kg4 Rg2+ 53. Kh5 a3 54.
Ra5 a2 55. Ra8+ Kxf7 56. Ra7+ Kf6 57. Ra6+ Kf5 58. Ra5+ Ke4 59. Ra4+ Kd3 60.
Ra3+ Kc4 61. Ra4+ Kb3 62. Ra8 Rg1 63. Rb8+ Kc4 64. Rc8+ Kd5 65. Rd8+ Ke6 66.
Re8+ Kf7 67. Ra8 a1=Q 68. Rxa1 Rxa1 0-1

[Event "AUTO-INT-1587"]
[Site "http://www.queenalice.com/game.php?id=718803"]
[Date "2010.1.23"]
[Round "1"]
[White "sandromm"]
[Black "oneuniversalgod"]
[Result "1-0"]
[WhiteElo "1682"]
[BlackElo "1421"]

1. e4 e5 2. Nf3 d6 3. Bc4 Nf6 4. Ng5 Qe7 5. Bxf7+ Qxf7 6. Nxf7 Kxf7 7. d3 Nc6 8.
c3 Bg4 9. f3 Bh5 10. g4 Bg6 11. h4 h6 12. Qb3+ Ke7 13. Qxb7 1-0

[Event "AUTO-INT-1587"]
[Site "http://www.queenalice.com/game.php?id=718804"]
[Date "2010.1.23"]
[Round "1"]
[White "oneuniversalgod"]
[Black "pfunk339"]
[Result "1-0"]
[WhiteElo "1468"]
[BlackElo "1290"]

1. g3 d5 2. d3 e5 3. Bg2 Nf6 4. Nf3 c6 5. Nxe5 Ng4 6. Bf4 Bc5 7. O-O Bd4 8. c3
Bxe5 9. Bxe5 Nxe5 10. Qa4 O-O 11. Nd2 b5 12. Qf4 Qe7 13. d4 Ng6 14. Qxb8 Rxb8
15. Rfe1 Qg5 16. Rad1 Re8 17. f4 Nxf4 18. Rf1 Nxg2 19. Kxg2 Rxe2+ 20. Rf2 1-0

[Event "AUTO-INT-1587"]
[Site "http://www.queenalice.com/game.php?id=718805"]
[Date "2010.1.23"]
[Round "1"]
[White "pfunk339"]
[Black "oneuniversalgod"]
[Result "0-1"]
[WhiteElo "1300"]
[BlackElo "1458"]

1. e4 e5 2. Nf3 d6 3. d4 Bg4 4. Be2 Nf6 5. Bg5 Be7 6. dxe5 Nxe4 7. Be3 O-O 8.
Qc1 dxe5 9. O-O Nc6 10. Rd1 Qc8 11. Nc3 Nxc3 12. bxc3 e4 13. Nd4 Nxd4 14. Bxg4
Ne6 15. Rd5 g6 16. Qd2 Rd8 17. Rd1 Rxd5 18. Qxd5 Qd8 19. Qe5 Bd6 20. Qxe4 Nc5
21. Bxc5 Qg5 22. Bxd6 cxd6 0-1

[Event "Challenge"]
[Site "http://www.queenalice.com/game.php?id=719153"]
[Date "2010.1.23"]
[Round "-"]
[White "lennygabin"]
[Black "oneuniversalgod"]
[Result "1-0"]
[WhiteElo "1506"]
[BlackElo "1429"]

1. e4 e5 2. g3 Nf6 3. Nc3 g6 4. d3 Bg7 5. d4 exd4 6. Qxd4 O-O 7. Bg5 d6 8. Nge2
Nc6 9. Qd2 Qe8 10. Bg2 Nxe4 11. Nxe4 Bxb2 12. Rd1 Bf5 13. Nf6+ Kg7 14. Nxe8+
Rfxe8 15. c3 Ba3 16. O-O f6 17. Bh6+ Kg8 18. Nd4 g5 19. Bd5+ Kh8 20. Nxf5 Rg8
21. Qe2 Rg6 22. Bxc6 bxc6 23. Qe7 Rag8 24. Rfe1 Rxh6 25. Nxh6 Rg6 26. Qf7 1-0

[Event "AUTO-INT-1618"]
[Site "http://www.queenalice.com/game.php?id=735311"]
[Date "2010.2.21"]
[Round "1"]
[White "JMendes"]
[Black "oneuniversalgod"]
[Result "1-0"]
[WhiteElo "1751"]
[BlackElo "1438"]

1. d4 d5 2. e3 g6 3. Nf3 Bg7 4. Be2 Nf6 5. O-O O-O 6. Nc3 Nc6 7. a3 Bf5 8. Bb5
Qd6 9. Bxc6 Qxc6 10. Ne5 Qd6 11. Nb5 Qd8 12. c3 Ne4 13. f3 Nd6 14. Nxd6 Qxd6 15.
a4 1-0

[Event "AUTO-BEG-372"]
[Site "http://www.queenalice.com/game.php?id=739801"]
[Date "2010.3.2"]
[Round "2"]
[White "ztnilz"]
[Black "oneuniversalgod"]
[Result "1-0"]
[WhiteElo "1818"]
[BlackElo "1410"]

1. e4 e5 2. Nf3 d6 3. Bc4 Nf6 4. Ng5 Be6 5. Bxe6 fxe6 6. Nxe6 Qe7 7. Nxf8 Nxe4
8. d3 Ng5 9. Qh5+ Nf7 10. Nxh7 Nd7 11. Qg6 Qh4 12. Ng5 Rh6 13. Qxf7+ Kd8 14.
Ne6+ Rxe6 15. Qxe6 Nf8 16. Qf5 1-0

[Event "AUTO-BEG-372"]
[Site "http://www.queenalice.com/game.php?id=739802"]
[Date "2010.3.2"]
[Round "2"]
[White "oneuniversalgod"]
[Black "ztnilz"]
[Result "0-1"]
[WhiteElo "1408"]
[BlackElo "1820"]

1. e4 e5 2. Nf3 Qe7 3. b3 g6 4. Bb2 Bg7 5. Nc3 c6 6. Qe2 Nf6 7. O-O-O d6 8. h3
O-O 9. g4 Be6 10. Ng5 Bd7 11. Qc4 b5 12. Qd3 Na6 13. Ba3 Ne8 14. Nf3 Bc8 15. b4
Be6 16. Bg2 Nec7 0-1

[Event "AUTO-BEG-372"]
[Site "http://www.queenalice.com/game.php?id=739807"]
[Date "2010.3.2"]
[Round "2"]
[White "nsarquis"]
[Black "oneuniversalgod"]
[Result "1-0"]
[WhiteElo "1422"]
[BlackElo "1406"]

1. e4 e5 2. Nf3 d6 3. d4 Nf6 4. dxe5 Nxe4 5. Qe2 Bf5 6. Qb5+ Nd7 7. Qxb7 dxe5 8.
Nxe5 Nxe5 9. Qb5+ Nd7 10. Qxf5 Nd6 11. Qf3 Qe7+ 12. Be3 Rb8 13. b3 Ne5 14. Qf4
1-0

[Event "AUTO-BEG-372"]
[Site "http://www.queenalice.com/game.php?id=739808"]
[Date "2010.3.2"]
[Round "2"]
[White "oneuniversalgod"]
[Black "nsarquis"]
[Result "0-1"]
[WhiteElo "1391"]
[BlackElo "1437"]

1. e4 e6 2. Nf3 c5 3. Bc4 d5 4. exd5 exd5 5. Bb5+ Bd7 6. Bxd7+ Nxd7 7. O-O Be7
8. d4 Ngf6 9. Bg5 Qb6 10. b3 O-O 11. Nc3 cxd4 12. Nxd4 Bc5 13. Be3 Qb4 14. Qd2
Ne4 0-1